Responses for Show #3208 - Wednesday, July 8, 1998

Dan Girard game 4.

Contestants

[<< previous game]

Julie O'Keefe, a freelance writer from Chester, New Jersey

Graham Blake, a law student from Arlington, Texas

Dan Girard, a landscape artist from Altadena, California (whose 3-day cash winnings total $18,800)

[next game >>]

Jeopardy! Round responses

BIBLICAL FOOD & DRINK
COLLEGES & UNIVERSITIES
1898
OSCAR-WINNING SONGS
(Alex: We'll play the music, you identify the film.)
DON'T DO THIS
MORE ANAGRAMMED COUNTRIES
    $100 16
milk

Dan
    $100 21
the U.S. Naval Academy

Graham
    $100 1
gold

Dan
    $100 6
The Wizard of Oz

Dan
    $100 25
bombs

Julie
    $100 7
Spain

Dan
    $200 17
(Graham: What is a lamb?)

a calf

DanGraham
    $200 22
Washington

Dan
    $200 2
the Maine

Dan
    $200 9
Beauty and the Beast

Julie
    $200 26
(Alex: And we have less than a minute to go.)

hackers

Graham
    $200 8
Iran

Julie
    $300 18
pistachios

Dan
    $1,600 23
Princeton

Dan
    $300 3
Pierre & Marie Curie

Dan
    $300 10
Flashdance

Julie
    $300 28
Central Park

Dan
    $300 12
Denmark

Julie
    $400 19
manna

Dan
    $400 24
Yale

Julie
    $400 4
Henry James

Graham
    $400 11
Pocahontas

Graham
    $400 30
breaking windows

Julie
    $400 14
Nepal

Dan
    $500 20
olive

Dan
    $500 27
John Marshall

Julie
    $500 5
Constantin Stanislavsky

Julie
    $500 13
Butch Cassidy and the Sundance Kid

Dan
    $500 29
earprints

Dan
    $500 15
Ukraine

Triple Stumper

Scores at the first commercial break (after clue 15):

Dan Graham Julie
$1,700 $800 $1,500

Scores at the end of the Jeopardy! Round:

Dan Graham Julie
$5,800 $900 $2,900

Double Jeopardy! Round responses

SHAKESPEARE'S PLAYS WITHIN PLAYS
UP LATE WITH DAVID LETTERMAN
NATIONAL COATS OF ARMS
FEAR
...AND CLOTHING
IN LAS VEGAS
    $200 15
Prospero

Graham
    $200 3
Bill Murray

Graham
    $200 2
the Santa Maria

Dan
    $200 21
Franklin D. Roosevelt

Graham
    $200 20
turtleneck

Dan
    $200 1
weddings

Dan
    $400 16
Hamlet

Graham
    $400 4
tennis

Dan
    $400 11
the condor

Graham
    $400 22
(Alex: He was afraid of everything!)

the Cowardly Lion

Dan
    $400 24
a leather jacket

Dan
    $400 8
McCarran International Airport

Graham
    $600 17
A Midsummer Night's Dream

Graham
    $600 5
Drew Barrymore

Dan
    $600 12
Swahili

Graham
    $600 28
market

Graham
    $600 25
(Alex: We have about a minute to go.)

cup

Dan
    $600 9
Downtown

Dan
    $800 18
Rosalind

Triple Stumper
    $800 6
Sirajul

Graham
    $2,000 13
(Graham: What is Great Britain?)

Hungary

Graham
    $800 29
God

Graham
    $800 26
the undershirt

Dan
    $1,200 10
King Tutankhamun

Dan
    $1000 19
Kate & Petruchio

Julie
    $1000 7
Larry "Bud" Melman (or Calvert DeForest)

Graham
    $1000 14
Estonia

Dan
    $1000 30
pushing the panic button

Dan
    $1000 27
the dirndl

Julie
    $1000 23
(Graham: What is the Sahara?)
(Julie: What is the Sands?)

Flamingo

GrahamJulie
Triple Stumper

Scores at the end of the Double Jeopardy! Round:

Dan Graham Julie
$13,400 $4,100 $3,900
(lock game)

[wagering suggestions for these scores]

Final Jeopardy! Round responses

THE WINTER OLYMPICS
JulieWhat is Lake Placid?
$1,917
GrahamWhat is Nagano
$4,100
DanWhat is Squaw Valley?
$3,600
Nagano, Japan (this past winter)

Final scores:

Dan Graham Julie
$9,800 $8,200 $1,983
4-day champion: $28,600 2nd place: Samsung 27" Color TV & Broyhill Entertainment Armoire 3rd place: Jeep Electronics Portable Boom Box

Game dynamics:

Coryat scores:

Dan Graham Julie
$11,700 $6,100 $3,900
29 R
(including 2 DDs),
0 W
16 R,
3 W
(including 1 DD)
11 R,
1 W

Combined Coryat: $21,700

[game clues] [game scores] [suggest correction]

Game tape date: 1998-04-13
The J! Archive is created by fans, for fans. Scraping, republication, monetization, and malicious use prohibited; this site may use cookies and collect identifying information. See terms. The Jeopardy! game show and all elements thereof, including but not limited to copyright and trademark thereto, are the property of Jeopardy Productions, Inc. and are protected under law. This website is not affiliated with, sponsored by, or operated by Jeopardy Productions, Inc. Join the discussion at JBoard.tv.